Statistics for 2016 AFL Ladder

Click here to take the quiz!

General Stats

  • This quiz has been taken 95 times
  • The average score is 14 of 18

Answer Stats

Postion Team Name % Correct
3rdHawthorn Hawks
97%
1stSydney Swans
95%
4thGWS Giants
92%
5thAdelaide Crows
92%
7thWestern Bulldogs
92%
2ndGeelong Cats
88%
16thFremantle Dockers
88%
18thEssendon Bombers
82%
6thWest Coast Eagles
82%
8thNorth Melbourne Kangaroos
77%
9thSt. Kilda Saints
75%
10thPort Adelaide Power
74%
15thGold Coast Suns
72%
17thBrisbane Lions
72%
11thMelbourne Demons
66%
13thRichmond Tigers
66%
12thCollingwood Magpies
65%
14thCarlton Blues
65%

Score Distribution

Percentile by Number Answered

Percent of People with Each Score

Your Score History

You have not taken this quiz